000 00448nam a2200169Ia 4500
008 230711s9999||||xx |||||||||||||| ||und||
041 _aENG
082 _a720.92
_bDE-H
100 _aDesai,Catherine
245 4 _aThe Architecture of Hasmukh C.Patel: Selected projects 1963-2003
250 _a1st Ed.
260 _c2017
_aAhemdabad
_bMapin Publishing Pvt.Ltd
300 _a394p.
650 _aArchitecture
700 _aPatel,Bimal
942 _cBK
999 _c6036
_d6036